000 01402nam a2200349 a 4500
001 ocn132830361
003 TZ-ArACH
005 20120402163354.0
008 031017s2003 enk b 001 0 eng d
020 _a0521824885
020 _a9780521824880
035 _a(OCoLC)132830361
035 _a(CStRLIN)CUBL03-B6840
040 _aStDuBDS
_cTZ-ArACH
041 _aEng
049 _aTZAA
050 4 _aK4600
_b.P38
082 0 4 _a341.754
_221
100 1 _aPauwelyn, Joost.
_95141
245 1 0 _aConflict of norms in public international law : how WTO law relates to other rules of international law
_bhow WTO law relates to other rules of international law /
_cJoost Pauwelyn.
260 _aCambridge ;
_aNew York :
_bCambridge University Press,
_c2003.
300 _axxviii, 522 p. ;
_c24 cm.
440 0 _aCambridge studies in international and comparative law (Cambridge, England : 1996) ;
_v[27].
_95142
504 _aIncludes bibliographical references and index.
610 2 0 _aWorld Trade Organization.
_95143
650 0 _aForeign trade regulation.
_95144
650 0 _aDispute resolution (Law)
_95145
650 0 _aConflict of laws.
_95146
942 _2lcc
_cBOOK
999 _c1644
_d1644